TAC/PBEA - Races de chien 1 (facile) - Statistiques

Statistiques générales
  • Ce quiz a été pris 156 fois
    11 depuis la dernière actualisation
  • Le résultat moyen est 9 sur 10
Statistiques - réponses
Par images Réponse % Correct
Berger allemand
100%
Bouledogue français
100%
Poméranien
100%
Teckel
100%
Basset hound
89%
Samoyède
89%
Terrier Boston
89%
Terrier Russell
89%
Berger Shetland
78%
Spitz japonais
67%
Aucun quiz correspondant
Distribution des résultats
% des personnes avec chaque résultat
Percentile par nombre de réponses
Votre historique - résultats
Vous n’avez pas pris ce quiz depuis la dernière actualisation